000 00677nam a2200217Ii 4500
003 JO-AjNU
008 230606s9999||||xx |||||||||||||| ||und||
017 _a2006/7/2011
040 _aJO-AjNU
_beng
_erda
_cJO-AjNU
041 _aeng
050 1 4 _aPE1130 2006
100 3 _aتاليف السوالمة، مراد حسن,
_eauthor
_95786
245 0 0 _aEnglish Grammar for All=قواعد اللغة الانجليزية للجميع
250 _a1 ed
264 3 1 _aجرش: دار المامون,2006
300 _a271p
336 _atext
_btxt
_2rdacontent
337 _aunmediated
_bn
_2rdamedia
338 _avolume
_bnc
_2rdacarrier
650 4 _aGrammar - English
_95787
999 _aE3001
_c2999
_d2999